Alle Nationalitäten der Bundesligaspieler (Saison 2023/24) - Statistiken

Allgemein
  • Dieses Quiz wurde 344 mal gespielt
  • Das Durchschnittsergebnis liegt bei 42 aus 58
Antwortstatistiken
Spieler Land % Korrekt
264 Deutschland
99%
29 Frankreich
99%
27 Österreich
98%
12 Schweiz
97%
4 Spanien
97%
11 Belgien
95%
7 Brasilien
95%
10 Niederlande
95%
3 Norwegen
94%
4 Polen
94%
6 Portugal
94%
6 Schweden
94%
3 Italien
93%
8 Japan
93%
2 Argentinien
92%
6 England
92%
10 USA
92%
13 Dänemark
91%
9 Tschechien
91%
2 Finnland
90%
1 Kanada
89%
10 Kroatien
88%
3 Südkorea
88%
1 Ukraine
88%
4 Marokko
85%
3 Serbien
85%
2 Türkei
85%
1 Slowakei
81%
2 Slowenien
81%
1 Ägypten
80%
1 Griechenland
80%
5 Ungarn
80%
3 Luxemburg
78%
2 Kolumbien
74%
2 Nigeria
74%
2 Algerien
73%
1 Bosnien-Herzegowina
73%
5 Ghana
72%
2 Albanien
71%
1 Schottland
67%
1 Senegal
67%
2 Tunesien
66%
3 Elfenbeinküste
65%
1 Kamerun
63%
2 Kosovo
59%
1 Israel
57%
1 DR Kongo
55%
3 Ecuador
52%
2 Mali
48%
3 Guinea
44%
1 Togo
40%
2 Armenien
37%
1 Burkina Faso
37%
1 Costa Rica
33%
1 Gambia
25%
1 Suriname
11%
1 Guadeloupe
3%
1 Reunion
1%
Keine übereinstimmenden Quizze gefunden
Verteilung der Resultate
Anzahl Personen mit jedem Resultat
Perzentil nach korrekt beantworteten Fragen
Ihre Resultats-Entwicklung
Sie haben dieses Quiz noch nicht gespielt